A szabadság és a közösség ügye beszélgetés Dénes Iván Zoltánnal a magyar politikai hisztáriák hátteréről
Elmentve itt :
| Szerző: | |
|---|---|
| További közreműködők: | |
| Adatforrás: | Philobibl |
| Forrásdokumentuma: | Beszélő12.2007:6. p. g |
| Dokumentumtípus: | Cikk |
| Nyelv: | magyar |
| Kulcsszavak: | eszmetörténet szabadság politikaelmélet tárasadalomelmélet |
| LEADER | 00526nab a2200157 c 4500 | ||
|---|---|---|---|
| 001 | bibPHI0036033 | ||
| 005 | 20200924123600.9 | ||
| 008 | 091123s2007 hu hun | ||
| 100 | 1 | |a Fehér József | |
| 245 | 1 | 2 | |a A szabadság és a közösség ügye |b beszélgetés Dénes Iván Zoltánnal a magyar politikai hisztáriák hátteréről |c Fehér József |
| 695 | |a eszmetörténet | ||
| 695 | |a szabadság | ||
| 695 | |a politikaelmélet | ||
| 695 | |a tárasadalomelmélet | ||
| 700 | 1 | |a Dénes Iván Zoltán | |
| 773 | 0 | |t Beszélő12.2007:6. p. g | |